Paul and his converts: (Record no. 5940)

000 -LEADER
fixed length control field 00848nam a2200229 a 4500
001 - CONTROL NUMBER
control field :::00003683$&:&@@
003 - CONTROL NUMBER IDENTIFIER
control field OkBaRHE
005 - DATE AND TIME OF LATEST TRANSACTION
control field 20000607103309.0
008 - FIXED-LENGTH DATA ELEMENTS--GENERAL INFORMATION
fixed length control field s1962 j 000 0 eng u
040 ## - CATALOGING SOURCE
Transcribing agency
100 1# - MAIN ENTRY--PERSONAL NAME
Personal name Bruce, F. F. (Frederick Fyvie), 1910-
245 10 - TITLE STATEMENT
Title Paul and his converts:
Remainder of title
Statement of responsibility, etc how Paul nurtured the churches he planted.
260 ## - PUBLICATION, DISTRIBUTION, ETC. (IMPRINT)
Place of publication, distribution, etc London, UK:EN., :
Name of publisher, distributor, etc Lutterworth Press
Date of publication, distribution, etc 1962
300 ## - PHYSICAL DESCRIPTION
Extent 88 p. ;
Dimensions 20 cm.
490 0# - SERIES STATEMENT
Series statement Bible guides series.
650 ## - SUBJECT ADDED ENTRY--TOPICAL TERM
Topical term or geographic name as entry element Bible New Testament Corinthians
General subdivision Criticism, Interpretation, etc.
650 ## - SUBJECT ADDED ENTRY--TOPICAL TERM
Topical term or geographic name as entry element Bible New Testament Thessalonians
General subdivision Criticism, Interpretation, etc.
650 ## - SUBJECT ADDED ENTRY--TOPICAL TERM
Topical term or geographic name as entry element Paul, Saint, apostle
700 ## - ADDED ENTRY--PERSONAL NAME
Personal name Barclay, William, Joint ed.
942 ## - ADDED ENTRY ELEMENTS (KOHA)
Source of classification or shelving scheme
Koha item type Books
Copies
Shelving location Price effective from Damaged status Source of classification or shelving scheme Not for loan Date last seen Permanent Location Barcode Full call number Withdrawn status Copy number Lost status Koha item type Date acquired
General Stacks2010-04-14   2018-04-03RHEMA Bible Training College3683BS 2725.2 .B688 1 Books2010-04-14